Nasledovali príklad iných Bulharskí komunisti bez vedúcej úlohy

Bibliographic Details
Format: Article
Language:Slovak
Subjects:

MARC

LEADER 00000nab a2200000 a 4500
001 vtls000368660
003 SK-MaSNL
005 20260304053908.0
008 150501c1990 xo 0 slo
015 |a SNBRB19rr/mm-uuuuu 
035 |a CL0368782 
040 |a SNKBUCL  |b slo  |c SNKBUCL  |e AACR2 
041 0 |a slo 
044 |a xo  |c SK 
080 |a 328.1(497.2)  |2 1981 
245 0 0 |a Nasledovali príklad iných  |b Bulharskí komunisti bez vedúcej úlohy 
650 0 7 |a parlament bulharský  |2 snkbucl  |9 1338512 
651 7 |a Bulharsko  |2 snkbucl  |9 20172 
655 7 |a články z novín a časopisov  |2 snkbucl  |9 267496 
773 0 |t Pravda  |g Roč. 71, č. 13 (16. 1. 1990), s. 7 
850 |a Slovenská národná knižnica v Martine  |a MTA001 
852 |a SNK  |b KIS3GCP 
958 |a RK 
958 |a BG 
992 |a RBX 
999 |c 2715906  |d 2717836